| 000 | 00990nam a2200253Ia 4500 | ||
|---|---|---|---|
| 003 | OSt | ||
| 005 | 20200730155919.0 | ||
| 008 | 191128s1985 ck fr 001 0 spa d | ||
| 020 | _a9583500186 | ||
| 040 |
_aCO-JMCR _cCO-JMCR |
||
| 041 | 0 | _aspa | |
| 082 | 0 | 4 |
_a342.06 / _bV649d _223 |
| 100 | 1 |
_aVidal Perdomo, Jaime, _eautor _92191 |
|
| 245 | 1 | 0 |
_aDerecho administrativo / _cJaime Vidal Perdomo |
| 250 | _aOctava edición | ||
| 260 |
_aBogotá : _bTemis, _c1985 |
||
| 300 |
_a456 páginas ; _c24 cm. |
||
| 500 | _aIncluye índice de autores y de materias. | ||
| 504 | _aBibliografía: páginas 427-436 | ||
| 505 | 0 | _aNociones generales -- Teoría de la administración territorial: relaciones del poder central con la administración local -- Administración nacional: autoridades del poder central -- Las relaciones internas de la administración | |
| 650 | 1 | 4 |
_aDerecho administrativo _zColombia _98206 |
| 650 | 1 | 4 |
_aAdministración departamental _zColombia _98207 |
| 942 |
_2ddc _cBK |
||
| 999 |
_c5880 _d5880 |
||